000
00310nam a22001217a 4500
008
190225b xxu||||| |||| 00| 0 eng d
041
_a
eng
080
_a
510
100
_a
36
101
_a
MAT
245
_a
Beginning and Intermediate Algebra with applications&visualization
_c
Rockswold, G.K
942
_2
udc
_c
BK
999
_c
54225
_d
54225